000
00298nam a22001337a 4500
008
170921b xxu||||| |||| 00| 0 eng d
020
_a
9781133307976
041
_a
eng
080
_2
6TH
_a
78
100
_a
45
101
_a
MUZ
245
_a
MUSIC FOR SIGHT SINGING
_c
BENJAMIN,TH
942
_2
udc
_c
BK
999
_c
28858
_d
28858